Kształty państw do góry nogami #9 - Statystyki

Ogólne statystyki
  • Ten quiz został rozwiązany 86 razy
  • Średni wynik to 8 z 14
Statystyki odpowiedzi
Obrazkowy Odpowiedź % Poprawnych
Portugalia
82%
Mongolia
77%
Ukraina
77%
Tajwan
76%
Belgia
73%
Uzbekistan
70%
Timor Wschodni
57%
Arabia Saudyjska
56%
Boliwia
52%
Kiribati
52%
Liberia
39%
Honduras
35%
Saint Kitts i Nevis
35%
Rwanda
29%
Nie znaleziono quizów pasujących do podanych kryteriów
Rozkład punktacji
Procent ludzi z każdym wynikiem
Percentyl według liczby udzielonych odpowiedzi
Twoja historia wyników
Nie rozwiązałeś tego quizu